[Event "GER-ch Net qual1 U18"]
[Site "Playchess.com INT"]
[Date "2012.09.01"]
[Round "1"]
[White "Moehn, Hans"]
[Black "Sohraby, Darjusch"]
[Result "1-0"]
[WhiteElo "2033"]
[BlackElo "1278"]
[PlyCount "53"]
[EventDate "2012.09.01"]
[EventType "swiss (blitz)"]
[EventRounds "7"]
[EventCountry "GER"]
[SourceTitle "CBM 150 Extra"]
[Source "ChessBase"]
[SourceDate "2012.10.19"]
[SourceVersion "1"]
[SourceVersionDate "2012.10.19"]
[SourceQuality "1"]

1. e4 d5 2. exd5 Qxd5 3. Nc3 Qd8 4. d4 e6 5. Nf3 Nf6 6. Bc4 Nc6 7. 0-0 Bb4 8. a3 Ba5 9. Bg5 h6 10. Bh4 g5 11. Bg3 a6 12. Re1 Nh5 13. d5 Nxg3 14. hxg3 Qd6 15. dxc6 bxc6 16. Qe2 Bxc3 17. bxc3 Bd7 18. Rad1 Qe7 19. Ne5 0-0-0 20. Bxa6+ Kb8 21. Rb1+ Ka7 22. Rb7+ Ka8 23. Rxc7 Rb8 24. Rxd7 Qc5 25. Bd3 Qxc3 26. Nxc6 Qxc6 27. Be4 1-0

[Event "GER-ch Net qual1 U18"]
[Site "Playchess.com INT"]
[Date "2012.09.01"]
[Round "2"]
[White "Sohraby, Darjusch"]
[Black "Stabernack, Joschi"]
[Result "0-1"]
[WhiteElo "1278"]
[BlackElo "1681"]
[PlyCount "76"]
[EventDate "2012.09.01"]
[EventType "swiss (blitz)"]
[EventRounds "7"]
[EventCountry "GER"]
[SourceTitle "CBM 150 Extra"]
[Source "ChessBase"]
[SourceDate "2012.10.19"]
[SourceVersion "1"]
[SourceVersionDate "2012.10.19"]
[SourceQuality "1"]

1. e4 e5 2. Nc3 Nf6 3. Nf3 Nc6 4. Bc4 Bc5 5. d3 d6 6. Qe2 a6 7. Be3 Ba7 8. Bxa7 Rxa7 9. Nd5 Be6 10. Nxf6+ Qxf6 11. Bxe6 fxe6 12. c3 0-0 13. 0-0 d5 14. d4 exd4 15. exd5 exd5 16. cxd4 Nxd4 17. Nxd4 Qxd4 18. Rfd1 Qe4 19. Qd2 c6 20. h3 Raa8 21. Re1 Qf5 22. Rf1 c5 23. Rad1 d4 24. Qe2 Rae8 25. Qc4+ Kh8 26. Rc1 Rc8 27. Qb3 b5 28. Qa3 Rf6 29. Qg3 c4 30. Qh4 d3 31. Rfd1 Rcf8 32. f3 Re8 33. Qd4 Rfe6 34. b3 Re2 35. bxc4 bxc4 36. Qxc4 h5 37. Qxa6 Qg5 38. Rc8 Qxg2# 0-1